Statistics for Federal Holidays

Click here to take the quiz!

General Stats

  • This quiz has been taken 83 times
  • The average score is 9 of 10

Answer Stats

HintAnswer% Correct
January 1stNew Year's Day
98%
December 25thChristmas Day
96%
4th Thursday of NovemberThanksgiving Day
96%
July 4thIndependence Day
91%
3rd Monday of JanuaryMartin Luther King Jr Day
91%
1st Monday of SeptemberLabor Day
89%
Last Monday of MayMemorial Day
87%
3rd Monday of FebruaryPresidents' Day
85%
November 11thVeterans' Day
78%
2nd Monday of OctoberColumbus Day
76%

Score Distribution

Percentile by Number Answered

Percent of People with Each Score

Your Score History

You have not taken this quiz